banner koha

Interaction between maturity stages and temperature on quality of ‘Guarani’ blackberries stored under controlled atmosphere (Registro n. 329672)

MARC details
000 -LÍDER
fixed length control field 03361nab a2200313 i 4500
003 - CÓDIGO MARC DA AGÊNCIA CATALOGADORA
Campo de controle BR-BrBNA
005 - DATA E HORA DA ÚLTIMA ATUALIZAÇÃO
Campo de controle 20250124160827.0
008 - CAMPO DE TAMANHO FIXO
fixed length control field 250124b2017 bl.mr|pooa||| 00| 0 eng |
040 ## - FONTE DA CATALOGAÇÃO
Agência catalogadora BR-BrBNA
Idioma da catalogação eng
072 ## - CATEGORIA AGRIS
Código AGRIS J11
Código do objeto 0910
100 ## - ENTRADA PRINCIPAL - NOME PESSOAL
Nome pessoal Brackmann, Auri
100 ## - ENTRADA PRINCIPAL - NOME PESSOAL
Nome pessoal Thewes, Fabio Rodrigo
100 ## - ENTRADA PRINCIPAL - NOME PESSOAL
Nome pessoal Anese, Rogerio de Oliveira
100 ## - ENTRADA PRINCIPAL - NOME PESSOAL
Nome pessoal Gasperin, Adriano Roque de
100 ## - ENTRADA PRINCIPAL - NOME PESSOAL
Nome pessoal Fronza, Diniz
245 ## - TÍTULO PRINCIPAL
Título principal Interaction between maturity stages and temperature on quality of ‘Guarani’ blackberries stored under controlled atmosphere
500 ## - NOTA GERAL
Nota geral Publicação on-line; 27 ref.; 1 table; Sumaries (En, Pt)
942 ## - ADDED ENTRY ELEMENTS (KOHA)
Koha item type Analítica
520 ## - NOTA DE RESUMO
Nota de conteúdo <br/><br/>ABSTRACT - The aim of this research was to evaluate the interaction between maturity stages and temperature on fruit quality of ‘Guarani’ blackberries stored under controlled atmosphere (CA). The experiment was conducted in a factorial scheme (2x2), evaluating two ripening stages (E1: red-color and E2: black-color of fruits) and two temperatures (1°C and 5°C). The fruit were stored in CA (10.0kPa O2 +15.0kPa CO2) and 98±1% of relative humidity (RH). Results showed that the principal component 1 (PC I) and principal component 2 (PC II) corresponded to 92.84% of the overall variation of the evaluated variables. Harvest should not be performed in the early maturity stage, because ‘Guarani’ blackberries do not develop all quality of consumer. ‘Guarani’ blackberries must be stored at 1°C. The maturity stage showed the major importance in the overall variability of quality parameters when compared to storage temperature.<br/><br/>Key words: Rubus fruticosus, postharvest, fruit quality, small fruit.
520 ## - NOTA DE RESUMO
Nota de conteúdo <br/><br/>RESUMO - O objetivo deste trabalho foi avaliar a interação entre estádios de maturação e temperatura de armazenamento na qualidade de frutos de amora-preta ‘Guarani’ armazenados em atmosfera controlada (AC). O experimento foi conduzido em esquema fatorial (2x2), avaliando-se dois estádios de maturação (E1: cor vermelha e E2: cor preta dos frutos) e duas temperaturas (1°C e 5°C). Os frutos foram armazenados em AC (10.0kPa O2 +15.0Pa CO2 ) e 98±1% de umidade relativa. Os resultados mostraram que o componente principal 1 (PCI) e o componente principal 2 (PC II) responderam por 2,84% de variação das variáveis analisadas. Conclui-se que a colheita não deve ser realizada em estádio de maturação antecipado, pois a amora-preta ‘Guarani’ não desenvolve todas as características de qualidade para o consumidor. A amora-preta ‘Guarani’ deve ser armazenada na temperatura de 1°C. Os estádios de maturação apresentam maior importância na variação dos parâmetros de qualidade quando comparados a temperaturas de armazenamento.<br/><br/>Palavras-chave: Rubus fruticosus, pós-colheita, qualidade de frutos, pequenas frutas.
650 ## - ASSUNTO - THESAGRO
Cabeçalho tópico ou nome geográfico AMORA PRETA
650 ## - ASSUNTO - THESAGRO
Cabeçalho tópico ou nome geográfico PÓS-COLHEITA
650 ## - ASSUNTO - THESAGRO
Cabeçalho tópico ou nome geográfico ARMAZENAMENTO
650 ## - ASSUNTO - THESAGRO
Cabeçalho tópico ou nome geográfico TEMPERATURA
650 ## - ASSUNTO - THESAGRO
Cabeçalho tópico ou nome geográfico QUALIDADE
773 0# - ENTRADA ANALÍTICA
Host Biblionumber 2408
Registro do item 346532
Imprenta Santa Maria-RS Universidade Federal de Santa Maria - Centro de Ciências Rurais 1991
Outro identificador 2024-7203
Título Ciência Rural (Brazil)
ISSN 0103-8478 Versão online ISSN 1678-4596
Colação v. 47(6) p. 1-7 ; (2017)
Número de controle de registro BR2024004199
856 ## - ACESSO E ENDEREÇO ELETRÔNICO
Identificador uniforme de recurso - URI https://www.scielo.br/j/cr/a/sWNhPcJq4mbsNJp9fTWWvsv/?format=pdf&lang=en

Nenhum exemplar disponível.

BINAGRI

Telefone: (61)3218-2567/2388/3357/2097 - binagri@agro.gov.br

Ministério da Agricultura e Pecuária , Esplanada dos Ministérios, Bloco D, Anexo B, Brasília/DF, CEP: 70.043-900